00963nam a2200241Ia 4500001000600000003000900006008004100015040001300056040001300069041001300082100002100095100002900116245012100145245003500266250001100301260001000312260000900322260004900331300005900380500023600439650001500675650003100690E2495IT-RoPAU130308s9999 xx 000 0 und d aIT-RoPAU cIT-RoPAU aFRANCESE aRoussillon Alain gCodice Aut. SPICS: 47944 aIdentitè et Revolution: lecture de l'evolution de l'oeuvre pictura le de 'Abd al-Hadi al-Gazzar, artiste egyptien bImage Dans le monde Arabe (L') a1a ed. aPARIS bCNRS c1995 [1° Ed.:1995 - Ed.Ling.Originale:1990] a"12 p. (prefazione: no ; testo: 12 [pagine: 151-162])" aIdentità e Rivoluzione: Lettura dell'evoluzione dell'Opera pittorica dell'artista Egiziano 'Abd al Hadi al Gazzar. Orientalismo. Identità delle Avanguardie. Funzioni dell'artista Contemporaneo. Gazzar pittore della Rivoluzione? aSEGNOLOGIA eCodice materia Spics: 3001